1716 1498 1623 1328 1269 1888 1883 1321 1804 1399 1794 1314 1602 1901 1070 1248 1699 1609 1011 1934 1157 1364 1030 1915 1086 1068 1359 1177 1957 1091 1597 1813 1085 1617 1359 1378 1371 1556 1428 1236 1785 1394 1688 1104 1650 1672 1534 1541 1907 1718 1708 1783 1838 1482 1810 1781 1023 1738 1747 1355 1037 1642 1511 1192 1341 1685 1004 1129 1806 1108 1329 1210 1063 1062 1791 1206 1444 1400 1032 1373 1501 1424 1525 1349 1164 1947 1346 1846 1105 1220 1326 1725 1276 1725 1717 1683 1156 1724 1659 BCNSPRNW ULIB Ver.6.0+V

เปลี่ยนเป็นภาษาไทย

Change to English
 แสดงรายละเอียดบรรณานุกรม
  กลับหน้าหลัก

Brief Record : Get Marc (ISO 2709) : E-mail record : QR code < ปิดหน้าต่าง
LEADER : 00000nam 2200000uu 4500
001    13399110060
003     ULIB
008    110420s2552||||th 000 0 tha d
020    9786115080243
050  4 PN4129^bค336ก 2552
100 1  คาร์เนกี, เดล,^dค.ศ.1888-1955
245 10 การพูดในที่ชุมนุม =^bHow to develop self-confidence andinfluence people by public speaking /^cเดล คาร์เนกี ; แปลโดย อาษา ขอจิตต์เมตต์
246 31 How to develop self-confidence and influence people bypublic speaking
250    พิมพ์ครั้งที่ 1
260    กรุงเทพฯ :^bแสงดาว,^c2552
300    359 หน้า ;^c21 ซม.
650  7 วาทศิลป์
650  7 การพูดในชุมนุมชน
650  7 ปาฐกถา
700 0  อาษา ขอจิตต์เมตต์,^d2451-2519,^eผู้แปล
700 12 Carnegie, Dale,^d1888-1955.^tHow to develop self-confidence and influence people by public speaking
945    ^p250^l0^i029980
945    ^p250^l0^i029979
945    ^p250^l0^i029981
995    เกษร
999 ^a ใช้งานได้ทุกระบบ
รายการนี้ยังไม่มีแท็ก
คุณยังไม่ได้ล็อกอิน คุณสามารถมีกิจกรรมร่วมกับเว็บไซต์ได้ แต่ต้องล็อกอินก่อน ::
  ล็อกอิน

รายการสื่อสารสนเทศ

ลำดับที่ ประเภท เลขเรียก/บาร์โค้ด สถานที่ สถานะ
- ไม่พบข้อมูล -

รายการใกล้เคียง
    หัวเรื่อง [วาทศิลป์]
    หัวเรื่อง [การพูดในชุมนุมชน]
    หัวเรื่อง [ปาฐกถา]

BibComment


ยังไม่เคยถูกคอมเมนท์

คอมเมนท์ทรัพยากรรายการนี้
  คอมเมนท์: การพูดในที่ชุมนุม..


 Copyright 2026. Bcnsprnw @Library